000 00804nam a2200229 i 4500
001 75305
003 ES-MaACL
005 20250803063052.0
007 t|
008 040923s1985 sp ||||1| spa d
020 _a84-7423-262-7
100 1 _aGramsci, Antonio,
_d1891-1937
_9241506
245 1 0 _aIntroducción al estudio de la filosofía /
_cAntonio Gramsci ; prólogo de Manuel Sacristán ; [traducción de Miguel Candel].
260 _aBarcelona :
_bCrítica,
_c[1985]
300 _a218 p. ;
_c20 cm.
490 1 _aSerie general. Estudios y ensayos ;
_v145
700 1 _aSacristán, Manuel,
_d1925-1985
_9101268
700 1 _aCandel, Miguel.
_934449
830 0 _aSerie general. Estudios y ensayos ;
_v145
_9181534
852 _aES-MaACL
_jL-8610
_bR.109038
999 _c75305
_d75305